[Event "Nancy-B 12th"]
[Site "Nancy"]
[Date "2014.03.09"]
[Round "9"]
[White "Ider, Borya"]
[Black "Nass, Emile"]
[Result "1/2-1/2"]
[WhiteElo "2379"]
[BlackElo "2233"]
[PlyCount "91"]
[EventDate "2014.03.05"]
[EventType "tourn"]
[EventRounds "9"]
[EventCountry "FRA"]
[EventCategory "5"]
[SourceTitle "CBM 159 Extra"]
[Source "ChessBase"]
[SourceDate "2014.04.24"]
[SourceVersion "1"]
[SourceVersionDate "2014.04.24"]
[SourceQuality "1"]

1. c4 Nf6 2. Nf3 e6 3. g3 d5 4. d4 dxc4 5. Bg2 Nc6 6. Qa4 Bb4+ 7. Bd2 Nd5 8. Bxb4 Ndxb4 9. 0-0 Rb8 10. Ne5 0-0 11. Nxc6 Nxc6 12. Bxc6 bxc6 13. Qxc4 Qd5 14. Qxd5 cxd5 15. b3 Ba6 16. Rc1 Bxe2 17. Nc3 Bh5 18. Na4 Rfc8 19. Rc2 g5 20. Nc5 Rb4 21. Rd2 Bf3 22. Nd7 g4 23. Ne5 c5 24. Rc1 c4 25. Rc3 Kg7 26. Nxf3 gxf3 27. Rxf3 c3 28. Rc2 Rxd4 29. Rcxc3 Rxc3 30. Rxc3 Rd2 31. a4 d4 32. Rc7 Rb2 33. Rxa7 Rxb3 34. Rd7 e5 35. f4 exf4 36. Rxd4 fxg3 37. Rg4+ Kf6 38. hxg3 h5 39. Rf4+ Kg5 40. Kg2 Ra3 41. Rb4 f5 42. Kh2 Ra1 43. Kg2 Ra3 44. Kh2 Ra1 45. Kg2 Ra3 46. Kh2 1/2-1/2

[Event "Nancy-B 12th"]
[Site "Nancy"]
[Date "2014.03.07"]
[Round "5"]
[White "Nass, Emile"]
[Black "Bellahcene, Bilel"]
[Result "0-1"]
[WhiteElo "2233"]
[BlackElo "2284"]
[PlyCount "80"]
[EventDate "2014.03.05"]
[EventType "tourn"]
[EventRounds "9"]
[EventCountry "FRA"]
[EventCategory "5"]
[SourceTitle "CBM 159 Extra"]
[Source "ChessBase"]
[SourceDate "2014.04.24"]
[SourceVersion "1"]
[SourceVersionDate "2014.04.24"]
[SourceQuality "1"]

1. Nf3 Nf6 2. c4 c5 3. Nc3 Nc6 4. g3 d5 5. d4 e6 6. cxd5 Nxd5 7. Bg2 Nxc3 8. bxc3 Be7 9. 0-0 0-0 10. e4 b6 11. d5 Na5 12. Qc2 exd5 13. Rd1 g6 14. Rxd5 Qc7 15. Bf4 Qb7 16. Bh6 Re8 17. Ng5 Bd7 18. e5 Bc6 19. Rad1 Rad8 20. c4 Qc8 21. Bh3 Qc7 22. e6 Bxg5 23. Bxg5 Bxd5 24. cxd5 Qe5 25. exf7+ Kxf7 26. Be6+ Kg7 27. Bxd8 Rxd8 28. Qc1 Qf6 29. Re1 Nb7 30. Re4 Nd6 31. Rf4 Qe5 32. Qa3 a5 33. Qf3 c4 34. h4 c3 35. Rf7+ Nxf7 36. Qxf7+ Kh8 37. Qe7 Rg8 38. Qf7 Rb8 39. d6 c2 40. Qc7 Rf8 0-1

[Event "Nancy-B 12th"]
[Site "Nancy"]
[Date "2014.03.06"]
[Round "3"]
[White "Nass, Emile"]
[Black "Ninov, Nikolai"]
[Result "0-1"]
[WhiteElo "2233"]
[BlackElo "2472"]
[PlyCount "80"]
[EventDate "2014.03.05"]
[EventType "tourn"]
[EventRounds "9"]
[EventCountry "FRA"]
[EventCategory "5"]
[SourceTitle "CBM 159 Extra"]
[Source "ChessBase"]
[SourceDate "2014.04.24"]
[SourceVersion "1"]
[SourceVersionDate "2014.04.24"]
[SourceQuality "1"]

1. d4 Nf6 2. c4 e6 3. g3 c5 4. Nf3 cxd4 5. Nxd4 Qc7 6. Qd3 e5 7. Nc2 Qc6 8. f3 d5 9. cxd5 Nxd5 10. Nc3 Nxc3 11. Qxc3 Qxc3+ 12. bxc3 Be6 13. e4 Nd7 14. Ne3 Rc8 15. Bd2 Bc5 16. Bb5 a6 17. Bxd7+ Kxd7 18. Ke2 Kc6 19. Rhc1 g6 20. c4 f5 21. exf5 gxf5 22. Bc3 Bd4 23. Bxd4 exd4 24. Ng2 Kc5 25. Kd3 Rhe8 26. Rab1 b6 27. Rb2 Bf7 28. Rf2 Rc6 29. Rff1 Rh6 30. h4 Rg8 31. g4 fxg4 32. fxg4 Bg6+ 33. Kd2 Be4 34. g5 Rh5 35. Nf4 Rxh4 36. Ne6+ Kb4 37. Nxd4 Rxg5 38. Rf6 Rg6 39. Rf2 Rg3 40. Nb3 a5 0-1

[Event "Andorra op 29th"]
[Site "Arinsal"]
[Date "2011.07.20"]
[Round "5"]
[White "Nass, Emile"]
[Black "Sachdev, Tania"]
[Result "1/2-1/2"]
[WhiteElo "2247"]
[BlackElo "2419"]
[PlyCount "61"]
[EventDate "2011.07.16"]
[EventType "swiss"]
[EventRounds "9"]
[EventCountry "AND"]
[SourceTitle "CBM 143 Extra"]
[Source "ChessBase"]
[SourceDate "2011.08.29"]
[SourceVersion "1"]
[SourceVersionDate "2011.08.29"]
[SourceQuality "1"]

1. d4 Nf6 2. Nf3 e6 3. c4 c5 4. g3 cxd4 5. Nxd4 Bb4+ 6. Nc3 Ne4 7. Qd3 Bxc3+ 8. bxc3 Nc5 9. Qe3 b6 10. Bg2 Bb7 11. Bxb7 Nxb7 12. Qf3 Nc6 13. c5 bxc5 14. Nxc6 dxc6 15. Qxc6+ Qd7 16. Qa6 0-0 17. Be3 Rac8 18. Rb1 Nd6 19. 0-0 Ne4 20. Rfd1 Qc7 21. Bf4 Qc6 22. Qc4 Rfd8 23. f3 Nf6 24. Rxd8+ Rxd8 25. Bg5 h6 26. Bxf6 gxf6 27. Qf4 Kg7 28. Qg4+ Kh7 29. Qf4 Kg7 30. Qg4+ Kh7 31. Qf4 1/2-1/2

[Event "St Chely d'Aubrac op 10th"]
[Site "St Chely d'Aubrac"]
[Date "2010.07.13"]
[Round "5"]
[White "Richard, Emma"]
[Black "Nass, Emile"]
[Result "1/2-1/2"]
[WhiteElo "2100"]
[BlackElo "2248"]
[PlyCount "34"]
[EventDate "2010.07.10"]
[EventType "swiss"]
[EventRounds "9"]
[EventCountry "FRA"]
[SourceTitle "CBM 137 Extra"]
[Source "ChessBase"]
[SourceDate "2010.09.01"]
[SourceVersion "1"]
[SourceVersionDate "2010.09.01"]
[SourceQuality "1"]

1. e4 e6 2. d4 d5 3. exd5 exd5 4. Nf3 Nf6 5. Bd3 Bd6 6. 0-0 0-0 7. Bg5 Bg4 8. Nbd2 Nbd7 9. c3 c6 10. Qc2 Qc7 11. Rfe1 Rae8 12. h3 Bh5 13. a4 Bg6 14. Bxg6 hxg6 15. Nf1 Ne4 16. Bh4 Ndf6 17. N3d2 Qd7 1/2-1/2

[Event "Mulhouse IM"]
[Site "Mulhouse"]
[Date "2010.07.??"]
[Round "8"]
[White "Genzling, Alain"]
[Black "Nass, Emile"]
[Result "1-0"]
[WhiteElo "2405"]
[BlackElo "2247"]
[PlyCount "95"]
[EventDate "2010.07.??"]
[EventType "tourn"]
[EventRounds "9"]
[EventCountry "FRA"]
[EventCategory "4"]
[SourceTitle "EXT 2011"]
[Source "ChessBase"]
[SourceDate "2010.11.26"]
[SourceVersion "1"]
[SourceVersionDate "2010.11.26"]
[SourceQuality "1"]

1. e4 e6 2. d3 d5 3. Nd2 Nf6 4. Ngf3 Bc5 5. e5 Nfd7 6. g3 f6 7. exf6 Qxf6 8. Bg2 0-0 9. 0-0 e5 10. c4 d4 11. Ne4 Qe7 12. Nxc5 Qxc5 13. a3 Nf6 14. b4 Qe7 15. Qe1 Re8 16. Ra2 Bf5 17. Qd1 c6 18. Re1 Bg4 19. h3 Bxf3 20. Bxf3 Qc7 21. Rae2 Nbd7 22. Bg2 a5 23. f4 exf4 24. Rxe8+ Rxe8 25. Rxe8+ Nxe8 26. Bxf4 Qb6 27. Qe2 Nef6 28. Qe6+ Kh8 29. b5 h6 30. Qd6 a4 31. Kh2 Kh7 32. bxc6 bxc6 33. Bxc6 Qb2+ 34. Bg2 Qc3 35. Be5 Nxe5 36. Qxe5 Qxd3 37. c5 Qc4 38. c6 d3 39. c7 d2 40. Qf5+ g6 41. Qxf6 Qxc7 42. Bf3 Qc2 43. Qe7+ Kh8 44. Qd8+ Kh7 45. Qd7+ Kh8 46. Be2 Qc3 47. Qxa4 Qe3 48. Qa8+ 1-0

[Event "Mulhouse IM"]
[Site "Mulhouse"]
[Date "2010.07.??"]
[Round "6"]
[White "Ider, Borya"]
[Black "Nass, Emile"]
[Result "0-1"]
[WhiteElo "2284"]
[BlackElo "2247"]
[PlyCount "54"]
[EventDate "2010.07.??"]
[EventType "tourn"]
[EventRounds "9"]
[EventCountry "FRA"]
[EventCategory "4"]
[SourceTitle "EXT 2011"]
[Source "ChessBase"]
[SourceDate "2010.11.26"]
[SourceVersion "1"]
[SourceVersionDate "2010.11.26"]
[SourceQuality "1"]

1. d4 Nf6 2. Nf3 d5 3. c4 e6 4. g3 dxc4 5. Qa4+ c6 6. Qxc4 b5 7. Qc2 Bb7 8. Bg2 Nbd7 9. Nbd2 Rc8 10. a4 a6 11. 0-0 c5 12. axb5 axb5 13. dxc5 Bxc5 14. Qd3 Qb6 15. Nb3 Be4 16. Qd2 0-0 17. Qa5 Qb7 18. Nxc5 Nxc5 19. Qa7 Nb3 20. Qxb7 Bxb7 21. Rb1 Be4 22. Bf4 Bxb1 23. Rxb1 Nd5 24. Be5 Rfd8 25. Nd4 Nxd4 26. Bxd4 Nf4 27. e3 Ne2+ 0-1

[Event "Mulhouse IM"]
[Site "Mulhouse"]
[Date "2010.07.??"]
[Round "?"]
[White "Nass, Emile"]
[Black "Riff, Vincent"]
[Result "1/2-1/2"]
[WhiteElo "2247"]
[BlackElo "2332"]
[PlyCount "130"]
[EventDate "2010.07.??"]
[EventType "tourn"]
[EventRounds "9"]
[EventCountry "FRA"]
[EventCategory "4"]
[SourceTitle "EXT 2011"]
[Source "ChessBase"]
[SourceDate "2010.11.26"]
[SourceVersion "1"]
[SourceVersionDate "2010.11.26"]
[SourceQuality "1"]

1. d4 Nf6 2. Nf3 c5 3. d5 b5 4. Bg5 d6 5. Bxf6 exf6 6. e4 a6 7. a4 b4 8. Be2 g6 9. Nbd2 Bg7 10. Nc4 0-0 11. 0-0 Re8 12. Bd3 Qc7 13. Qd2 Nd7 14. Qf4 Ne5 15. Nfxe5 fxe5 16. Qh4 a5 17. Ne3 Rf8 18. g4 Qd8 19. Qxd8 Rxd8 20. f3 Bh6 21. Nc4 Ba6 22. Kf2 Bxc4 23. Bxc4 Bf4 24. h3 Kg7 25. Ke2 Rh8 26. Rg1 h5 27. g5 h4 28. Rg4 Bg3 29. b3 Rh5 30. Rf1 Rf8 31. Rg1 Rhh8 32. Rf1 f6 33. gxf6+ Rxf6 34. Rg1 Rhf8 35. Rf1 Rf4 36. Ke3 Kf6 37. Ke2 Rh8 38. Ke3 Rf8 39. Ke2 Kg7 40. Ke3 Kh6 41. Bb5 R8f7 42. Bc4 Kg7 43. Ke2 Kh6 44. Ke3 Rf8 45. Bb5 c4 46. Bxc4 Rc8 47. Rxf4 Bxf4+ 48. Kd3 Kg5 49. Rg1+ Bg3 50. Ke3 Kf6 51. Ke2 Ke7 52. Kd3 g5 53. Rf1 Rf8 54. Kd2 Kd7 55. c3 Bf4+ 56. Kd3 bxc3 57. Kxc3 Be3 58. b4 axb4+ 59. Kxb4 Kc7 60. a5 Kb7 61. Bb5 Ka7 62. Ka4 Rc8 63. Bc6 Rb8 64. Bb5 Rc8 65. Bc6 Rb8 1/2-1/2

[Event "FRA-chT1 0910"]
[Site "France"]
[Date "2009.10.18"]
[Round "3.6"]
[White "Nass, Emile"]
[Black "Robert, Bastien"]
[Result "1/2-1/2"]
[WhiteElo "2220"]
[BlackElo "2035"]
[PlyCount "113"]
[EventDate "2009.09.27"]
[EventType "team-tourn"]
[EventRounds "11"]
[EventCountry "FRA"]
[SourceTitle "EXT 2011"]
[Source "ChessBase"]
[SourceDate "2010.11.26"]
[SourceVersion "1"]
[SourceVersionDate "2010.11.26"]
[SourceQuality "1"]

1. d4 Nf6 2. Nf3 d5 3. c4 g6 4. cxd5 Bg7 5. Qa4+ c6 6. dxc6 Nxc6 7. e3 0-0 8. Nc3 a6 9. Be2 b5 10. Nxb5 Bd7 11. Nc3 e5 12. Qd1 e4 13. Nd2 Qa5 14. 0-0 Rfe8 15. f3 exf3 16. Bxf3 Rad8 17. Nb3 Qc7 18. Nc5 Bc8 19. Bd2 h5 20. Bxc6 Qxc6 21. h3 Nd7 22. Nxd7 Rxd7 23. Qf3 Qc4 24. d5 f5 25. Rad1 Bb7 26. Qf4 Qc5 27. Qg5 Kh7 28. Kh1 Bxd5 29. Nxd5 Rxd5 30. Bc1 Rxd1 31. Rxd1 Qc2 32. Rf1 Bxb2 33. Bxb2 Qxb2 34. Rd1 Qg7 35. Rd3 Rb8 36. Qf4 Rb5 37. Rd2 g5 38. Qd4 Qxd4 39. exd4 Rd5 40. g3 Kg6 41. Kg2 Kf6 42. h4 g4 43. Kf2 f4 44. gxf4 Kf5 45. Ke3 Rd8 46. d5 Re8+ 47. Kf2 Kxf4 48. d6 Rd8 49. Rd5 Ke4 50. Rxh5 Rxd6 51. Kg3 Rd3+ 52. Kxg4 Ra3 53. Rh8 Rxa2 54. Re8+ Kd5 55. h5 Rg2+ 56. Kf5 Rf2+ 57. Kg6 1/2-1/2

[Event "FRA-ch Accession"]
[Site "Nimes"]
[Date "2009.08.12"]
[Round "2"]
[White "Guilleux, Fabien"]
[Black "Nass, Emile"]
[Result "1-0"]
[WhiteElo "2381"]
[BlackElo "2186"]
[PlyCount "124"]
[EventDate "2009.08.11"]
[EventType "swiss"]
[EventRounds "9"]
[EventCountry "FRA"]
[SourceTitle "CBM 132 Extra"]
[Source "ChessBase"]
[SourceDate "2009.11.03"]
[SourceVersion "1"]
[SourceVersionDate "2009.11.03"]
[SourceQuality "1"]

1. d4 Nf6 2. Nf3 e6 3. c4 b6 4. a3 Bb7 5. Nc3 Be7 6. Qc2 d5 7. cxd5 Nxd5 8. e4 Nxc3 9. bxc3 c5 10. Bb5+ Bc6 11. Bd3 Nd7 12. 0-0 h6 13. Rd1 Qc7 14. d5 exd5 15. exd5 Bxd5 16. Be4 Bxe4 17. Qxe4 Rc8 18. Bf4 Nf6 19. Qe3 Ng4 20. Qd3 Qb7 21. Qb5+ Qc6 22. Qa6 0-0 23. Qxa7 Rfe8 24. c4 Bf6 25. Rab1 Ra8 26. Qxb6 Qxb6 27. Rxb6 Rxa3 28. h3 Ne5 29. Bxe5 Bxe5 30. Rb5 Bd4 31. Nxd4 cxd4 32. Rxd4 Re7 33. h4 g6 34. h5 gxh5 35. Rxh5 Re6 36. Rf5 Re7 37. g3 Rc7 38. c5 Rc3 39. Rdd5 Kg7 40. Kg2 Kg6 41. Kh3 Rc4 42. g4 Rc6 43. Kg3 Rc3+ 44. f3 Rc4 45. Rd7 Rf6 46. Rxf6+ Kxf6 47. Rd5 Ke6 48. Rf5 Rc1 49. Kf4 f6 50. Ke3 Rc4 51. Kd3 Rc1 52. Kd4 Rc2 53. Rh5 Rf2 54. Rh3 Rf1 55. Kc4 Rf2 56. Rxh6 Rxf3 57. g5 Kd7 58. Rxf6 Rg3 59. Rg6 Rg1 60. c6+ Kc7 61. Kd5 Rd1+ 62. Ke5 Re1+ 1-0

[Event "Val Thorens op 34th"]
[Site "Val Thorens"]
[Date "2008.07.26"]
[Round "8"]
[White "Nass, Emile"]
[Black "Alexieva, Silvia"]
[Result "1/2-1/2"]
[WhiteElo "2105"]
[BlackElo "2439"]
[PlyCount "54"]
[EventDate "2008.07.19"]
[EventType "swiss"]
[EventRounds "9"]
[EventCountry "FRA"]
[SourceTitle "EXT 2009"]
[Source "ChessBase"]
[SourceDate "2008.11.26"]
[SourceVersion "1"]
[SourceVersionDate "2008.11.26"]
[SourceQuality "1"]

1. d4 Nf6 2. Nf3 e6 3. c4 b6 4. g3 Ba6 5. Nbd2 Bb7 6. Bg2 c5 7. 0-0 cxd4 8. Nxd4 Bxg2 9. Kxg2 Nc6 10. N2f3 Nxd4 11. Qxd4 Bc5 12. Qd3 Qc7 13. b3 Qb7 14. Bb2 Be7 15. Kg1 0-0 16. Rfd1 h6 17. Rac1 Rfd8 18. Nd2 d5 19. Qf3 Rd7 20. Kg2 Rad8 21. e3 Qa6 22. a4 Qb7 23. Bd4 Qb8 24. cxd5 e5 25. Bb2 Rxd5 26. Nc4 Rxd1 27. Rxd1 Rxd1 1/2-1/2

[Event "St Chely d'Aubrac op 8th"]
[Site "St Chely d'Aubrac"]
[Date "2008.07.16"]
[Round "6"]
[White "Moingt, Anne"]
[Black "Nass, Emile"]
[Result "1/2-1/2"]
[WhiteElo "2179"]
[BlackElo "2105"]
[PlyCount "106"]
[EventDate "2008.07.13"]
[EventType "swiss"]
[EventRounds "9"]
[EventCountry "FRA"]
[SourceTitle "CBM 125 Extra"]
[Source "ChessBase"]
[SourceDate "2008.09.01"]
[SourceVersion "1"]
[SourceVersionDate "2008.09.01"]
[SourceQuality "1"]

1. e4 e6 2. d4 d5 3. Nd2 Be7 4. Bd3 c5 5. dxc5 Bxc5 6. Ngf3 Nf6 7. Qe2 Nc6 8. a3 a6 9. 0-0 Qc7 10. e5 Nd7 11. Nb3 Be7 12. Bf4 h6 13. Bg3 g5 14. Rfe1 Nb6 15. Nfd4 Nxd4 16. Nxd4 Nc4 17. c3 Bd7 18. b3 Na5 19. Rec1 b5 20. f4 Nc6 21. f5 Qb6 22. fxe6 Bxe6 23. Bf2 Bc5 24. Nxc6 Qxc6 25. Bd4 Qb6 26. Qf2 Bxd4 27. Qxd4 Qxd4+ 28. cxd4 0-0 29. Rc5 Rfc8 30. Rac1 Rxc5 31. Rxc5 Rc8 32. Rxc8+ Bxc8 33. b4 f6 34. Kf2 Kf7 35. Ke3 Ke7 36. Bc2 Bd7 37. Bb3 Bc6 38. g3 Kf7 39. Bd1 Bd7 40. Bf3 Be6 41. Bh5+ Ke7 42. exf6+ Kxf6 43. Be8 Ke7 44. Bh5 Kf6 45. Bd1 Bd7 46. Bb3 Ke6 47. Kf3 Kd6 48. Bc2 Ke7 49. h4 Kd6 50. Bg6 Ke7 51. Ke3 Kf6 52. Bh5 Ke7 53. Kf3 Kf6 1/2-1/2

[Event "FRA Cup 8eme"]
[Site "France"]
[Date "2008.05.18"]
[Round "?"]
[White "Duluc, Jeremie"]
[Black "Nass, Emile"]
[Result "1/2-1/2"]
[WhiteElo "2170"]
[BlackElo "2112"]
[PlyCount "40"]
[EventDate "2008.05.18"]
[EventType "team-tourn"]
[EventRounds "1"]
[EventCountry "FRA"]
[SourceTitle "EXT 2010"]
[Source "ChessBase"]
[SourceDate "2010.11.25"]
[SourceVersion "1"]
[SourceVersionDate "2010.11.25"]
[SourceQuality "1"]
[WhiteTeam "Mulhouse"]
[BlackTeam "Clermont Ferrand"]
[WhiteTeamCountry "FRA"]
[BlackTeamCountry "FRA"]

1. Nf3 Nf6 2. d4 d5 3. c4 e6 4. e3 c6 5. Nbd2 a6 6. Bd3 Nbd7 7. 0-0 Bd6 8. e4 dxe4 9. Nxe4 Nxe4 10. Bxe4 Qc7 11. Re1 0-0 12. Bc2 e5 13. Bg5 c5 14. dxe5 Nxe5 15. Nxe5 Bxe5 16. Qd5 Bxb2 17. Rab1 Bd4 18. Re7 Qc6 19. Qxc6 bxc6 20. Bd3 Be6 1/2-1/2

[Event "FRA-ch op-A"]
[Site "Aix les Bains"]
[Date "2007.08.19"]
[Round "6"]
[White "Nass, Emile"]
[Black "Brethes, Francois"]
[Result "1/2-1/2"]
[WhiteElo "2095"]
[BlackElo "2180"]
[PlyCount "45"]
[EventDate "2007.08.13"]
[EventType "swiss"]
[EventRounds "11"]
[EventCountry "FRA"]
[SourceTitle "CBM 120 Extra"]
[Source "ChessBase"]
[SourceDate "2007.11.01"]
[SourceVersion "1"]
[SourceVersionDate "2007.11.01"]
[SourceQuality "1"]

1. d4 Nf6 2. Nf3 e6 3. g3 b5 4. Bg2 Bb7 5. 0-0 c5 6. b3 Qb6 7. Bb2 c4 8. Nbd2 d5 9. Ne5 Nc6 10. e4 cxb3 11. cxb3 Nxe5 12. dxe5 Nxe4 13. Nxe4 dxe4 14. Qg4 Rd8 15. Rad1 Rxd1 16. Rxd1 g6 17. Bxe4 Bc5 18. Bd4 Bxd4 19. Rxd4 0-0 20. Rd6 Qc7 21. Bxb7 Qxb7 22. Qd4 Rc8 23. Rd8+ 1/2-1/2